| 000 | 00403nam a22001337a 4500 | ||
|---|---|---|---|
| 020 | _a9788173199769 | ||
| 040 | _cNust | ||
| 082 |
_a519.5 _bHAN |
||
| 100 |
_aHanagal, .D David _9124066 |
||
| 245 |
_aIntroduction to Applied Statistics, _bA Non-Calculus Based Approach |
||
| 260 |
_aNew Delhi: _bNarosa Publishing House, _c2009. |
||
| 650 |
_aIntroduction to Applied Statistics _9124067 |
||
| 942 |
_2ddc _cBK |
||
| 999 |
_c610030 _d610030 |
||